000 00426nam a2200145Ia 4500
008 200619s9999 xx 000 0 und d
020 _a8177132172
082 _a342.085RAJ
100 _aRajanna Janakal M.
245 0 _aDakkaliga (Karnataka Nomadic Community Studies -3)
264 _aBangalore
_bKannada Pustaka Pradhikara
_c2008
300 _a172
942 _cIR
999 _c120070
_d120070